Compensation Management (Record no. 2129)

MARC details
005 - DATE AND TIME OF LATEST TRANSACTION
control field 20250507134649.0
020 ## - INTERNATIONAL STANDARD BOOK NUMBER
International Standard Book Number 978-0-19-569837-4
082 ## - DEWEY DECIMAL CLASSIFICATION NUMBER
Classification number 658. 322 BHA
100 ## - MAIN ENTRY--PERSONAL NAME
Author name BHATTACHARYYA, D. K.
245 ## - TITLE STATEMENT
Title Compensation Management
260 ## - PUBLICATION, DISTRIBUTION, ETC.
Place of publication, distribution, etc. New York,
Name of publisher, distributor, etc. Oxford University Press,
Date of publication, distribution, etc. 2009.
300 ## - PHYSICAL DESCRIPTION
Extent xv, 448p.: ill.; figure, table.
Other physical details Index, references.
Dimensions 25cm.
942 ## - ADDED ENTRY ELEMENTS (KOHA)
Source of classification or shelving scheme Dewey Decimal Classification
Koha item type Books
Holdings
Date last seen Total checkouts Full call number Barcode Cost, replacement price Price effective from Koha item type Lost status Source of classification or shelving scheme Damaged status Not for loan Withdrawn status Home library Current library Shelving location Date acquired Cost, normal purchase price
06/26/2025   658. 322 BHA DOM0001392 286980.00 06/26/2025 Books   Dewey Decimal Classification       CBE Dodoma CBE Dodoma General Collection 04/06/2018 95660.00
06/28/2025   658.322 BHA DOM0001416 286980.00 06/28/2025 Books   Dewey Decimal Classification       CBE Dodoma CBE Dodoma General Collection 04/06/2019 95660.00
06/28/2025   658.322 BHA DOM0001196 286980.00 06/28/2025 Books   Dewey Decimal Classification       CBE Dodoma CBE Dodoma General Collection 04/06/2016 95660.00
05/07/2025   658. 322 BHA 0000008146 286980.00 05/07/2025 Books   Dewey Decimal Classification       College of Business Education Main Library College of Business Education Main Library General Collection 04/06/2018 95660.00
05/07/2025   658. 322 BHA 0000008147 286980.00 05/07/2025 Books   Dewey Decimal Classification       College of Business Education Main Library College of Business Education Main Library General Collection 04/06/2018 95660.00
05/07/2025   658. 322 BHA 0000008148 286980.00 05/07/2025 Books   Dewey Decimal Classification       College of Business Education Main Library College of Business Education Main Library General Collection 04/06/2018 95660.00